000 05880nam a22005417a 4500
005 20120119120134.0
010 _aB-468580-605
020 _a9788179931356
_c150.00
035 _aB-468580-605
037 _adpl
_bBlue Berry/Ven
082 _a333.92
100 _aSen, Banita
_950372
245 _aEnergy from the gust of wind /
_cby Banita Sen; edited by Madhu Singh Sirohi
260 _aNew Delhi
_bThe Energy and Resources Institute, TERI Press,
_c2009
270 _aDarbari Seth Block, IHC Complex, Lodhi Road
_bNew Delhi
_e110003
_k26482100/4150
300 _a30 p
_bill (col)
_c26cm (Hb)
490 _aSuper-powered earth
_950373
700 _aSirohi, Madhu Singh
_939670
942 _2ddc
_cCH
_mSEN
_h333.92
999 _c61239
_d61239